000 00279nam a22001337a 4500
008 181008b xxu||||| |||| 00| 0 eng d
020 _a9780137131815
041 _aeng
080 _a821
100 _a21
101 _aGJL
245 _aProse Style
_cMiles, R
942 _2udc
_cBK
999 _c49071
_d49071